Länder med gräns mot Kina - Statistics

General Stats
  • This quiz has been taken 49 times
  • The average score is 11 of 14
Answer Stats
Längd Land % Correct
3605 km Ryssland
95%
3380 km Indien
92%
4677 km Mongoliet
89%
1236 km Nepal
87%
1416 km Nordkorea
84%
1281 km Vietnam
84%
423 km Laos
82%
1533 km Kazakstan
76%
470 km Bhutan
74%
523 km Pakistan
74%
858 km Kirgizistan
71%
2185 km Myanmar
71%
76 km Afghanistan
61%
414 km Tadzjikistan
61%
No matching quizzes found
Score Distribution
Percent of People with Each Score
Percentile by Number Answered
Your Score History
You have not taken this quiz